00369nam a2200121 a 450000100100000000500170001000800410002704000250006808200150009324500600010826000520016830000270022000003214220200930063451.0110713nuuuuuuuudr a 000 | spa d aDO-SdBNPbspacBNPHU axxxbP293j03aLa pastoral juvenil y la doctrina social de la iglesia. aSanto Domingo :bCasa de la Juventud,c[19--?]. a50 p. :bil. ;c21 cm.